El primer libro de alfabetización en América. Cartilla para enseñar a leer
Saved in:
| Main Author: | |
|---|---|
| Format: | Unknown |
| Language: | Spanish |
| Published: |
México DF
Antigua Librería Robredo
1947
|
| Textbook Catalogue: | MANES: Library Catalog Search Result |
| Textbook Classification: |
|
| Tags: |
Add Tag
No Tags, Be the first to tag this record!
|
| Added to: | 2016-04-26 |
| Changed in: | 2024-11-20 |
MARC
| LEADER | 000000000a22000000004500 | ||
|---|---|---|---|
| 001 | 21715 | ||
| 003 | OSt | ||
| 005 | 20241121020157.0 | ||
| 008 | 160427s sp ||||| |||| 00| 0 spa d | ||
| 040 | |c centro_manes | ||
| 041 | 1 | |a spa | |
| 100 | 1 | |a Valton, Emilio |b Autor, Doctor en Filosofía |9 14422 | |
| 245 | 0 | 0 | |a El primer libro de alfabetización en América. Cartilla para enseñar a leer |
| 260 | 3 | |a México DF |b Antigua Librería Robredo |c 1947 | |
| 300 | |a 156 p. |c 28 x 21 cm | ||
| 500 | |a nivel: Libro para formación de maestros. |a Signatura topográfica: 2B-9130. Se trata de estudio crítico, bibliográfico e histórico de la Cartilla para enseñar a leer. Contiene un índice analítico y otro alfabético. Las hojas son de papel sueco. Ha sido impreso por Pedro Ocharte. | ||
| 546 | |a México | ||
| 690 | 0 | |a LEN | |
| 691 | 0 | |a SE | |
| 942 | |2 ddc |c BK | ||
| 999 | |c 26992 |d 26992 | ||
| 999 | |c manes:26992 |d 26992 | ||